Eastern Utah Libraries Catalog: Duchesne, Heber, Roosevelt, & Vernal

Deer Valley : (Record no. 411183)

MARC details
000 -LEADER
fixed length control field 02051cam a2200385 a 4500
001 - CONTROL NUMBER
control field ocm53995394
003 - CONTROL NUMBER IDENTIFIER
control field OCoLC
005 - DATE AND TIME OF LATEST TRANSACTION
control field 20250827094237.0
008 - FIXED-LENGTH DATA ELEMENTS--GENERAL INFORMATION
fixed length control field 040108s2003 coua j b 001 0 eng d
020 ## - INTERNATIONAL STANDARD BOOK NUMBER
International Standard Book Number 0972482709
020 ## - INTERNATIONAL STANDARD BOOK NUMBER
International Standard Book Number 9780972482707
035 ## - SYSTEM CONTROL NUMBER
System control number (OCoLC)53995394
040 ## - CATALOGING SOURCE
Description conventions rda
043 ## - GEOGRAPHIC AREA CODE
Geographic area code n-us-ut
049 ## - LOCAL HOLDINGS (OCLC)
Holding library WACL
050 #4 - LIBRARY OF CONGRESS CALL NUMBER
Classification number GV854.5.U8
Item number C374 2003
082 04 - DEWEY DECIMAL CLASSIFICATION NUMBER
Classification number 979.214
092 ## - LOCALLY ASSIGNED DEWEY CALL NUMBER (OCLC)
Classification number local collection
Item number 979.214 Case, Kristen Gould
100 1# - MAIN ENTRY--PERSONAL NAME
Personal name Case, Kristen Gould.
9 (RLIN) 6551449
245 10 - TITLE STATEMENT
Title Deer Valley :
Remainder of title the quest for excellence /
Statement of responsibility, etc by Kristen Gould Case.
260 ## - PUBLICATION, DISTRIBUTION, ETC. (IMPRINT)
Place of publication, distribution, etc Boulder, Colo. :
Name of publisher, distributor, etc Mountain Sports Press,
Date of publication, distribution, etc 2003.
264 ## - Production, Publication, Distribution, Manufacture, and Copyright Notice.
Place of production, publication, distribution, manufacture Boulder, Colo. :
Name of producer, publisher, distributor, manufacturer Mountain Sports Press,
Date of production, publication, distribution, manufacture, or copyr 2003.
300 ## - PHYSICAL DESCRIPTION
Extent 216 pages :
Other physical details illustrations ;
Dimensions 32 cm
336 ## - Content Type
Content type term text
337 ## - Media type
Media type term unmediated
338 ## - Carrier type
Carrier type term volume
504 ## - BIBLIOGRAPHY, ETC. NOTE
Bibliography, etc Includes bibliographical references and index.
520 ## - SUMMARY, ETC.
Summary, etc "Deer Valley is a moderate-sized resort operating on less than 2,000 acres — yet it is ranked by many as North America’s top resort for its impeccable service, award-winning food, luxurious rooms, and velvety slopes. This book traces Deer Valley’s rise to the top from its founding in 1981, when skeptics scoffed at the idea that skiers would pay to be pampered, to its well-publicized role as venue for the 2002 Olympic Winter Games slalom and freestyle events. One chapter details the life of Deer Valley Director of Skiing Stein Eriksen, the Norwegian Olympic gold medalist who became an icon for the sport. This beautifully produced coffee-table book is illustrated throughout with spectacular photos, illuminating the success behind this luxurious ski resort."
610 20 - SUBJECT ADDED ENTRY--CORPORATE NAME
Corporate name or jurisdiction name as entry element Deer Valley ski area (Resort)
Form subdivision Pictorial works.
9 (RLIN) 6551450
650 #0 - SUBJECT ADDED ENTRY--TOPICAL TERM
Topical term or geographic name as entry element Ski resorts
Geographic subdivision Utah
-- Deer Valley
Form subdivision Pictorial works.
9 (RLIN) 6551452
650 #7 - SUBJECT ADDED ENTRY--TOPICAL TERM
Topical term or geographic name as entry element Ski resorts
Source of heading or term fast
651 #0 - SUBJECT ADDED ENTRY--GEOGRAPHIC NAME
Geographic name Deer Valley (Utah)
Form subdivision Pictorial works.
9 (RLIN) 6551451
655 #7 - INDEX TERM--GENRE/FORM
Genre/form data or focus term Illustrated works
Source of term fast
9 (RLIN) 5735598
942 ## - ADDED ENTRY ELEMENTS (KOHA)
Source of classification or shelving scheme Dewey Decimal Classification
Koha item type BOOK
Holdings
Withdrawn status Lost status Source of classification or shelving scheme Damaged status Not for loan Collection code Home library Current library Shelving location Date acquired Source of acquisition Total Checkouts Full call number Barcode Date last seen Cost, replacement price Price effective from Koha item type
    Dewey Decimal Classification     Local Collection Wasatch County Library Wasatch County Library Second Floor 08/27/2025 Donation   Local Collection 979.214 Case 34301002100073 08/27/2025 49.95 08/27/2025 BOOK
This project was made possible through a grant from the Institute of Museum and Library Service administered by the Utah State Library Division.

Wasatch County Library

  • 465 East 1200 South, Heber City, Utah 84032
  • Phone 435-654-1511 | Fax 435-654-6456

Hours

  • Monday - Friday 9:30 AM - 8:00 PM
  • Saturday 9:30 AM - 1:30 PM
  • Closed Sundays and Holidays